| 000 -LEADER |
| fixed length control field |
00880nam a2200289 a 4500 |
| 020 ## - INTERNATIONAL STANDARD BOOK NUMBER |
| ISBN |
0021441103 (Gr. K) |
| 020 ## - INTERNATIONAL STANDARD BOOK NUMBER |
| ISBN |
0021441200 (Gr. 1) |
| 020 ## - INTERNATIONAL STANDARD BOOK NUMBER |
| ISBN |
0021441308 (Gr. 2) |
| 020 ## - INTERNATIONAL STANDARD BOOK NUMBER |
| ISBN |
0021441405 (Gr. 3) |
| 020 ## - INTERNATIONAL STANDARD BOOK NUMBER |
| ISBN |
0021441502 (Gr. 4) |
| 020 ## - INTERNATIONAL STANDARD BOOK NUMBER |
| ISBN |
220144160X (Gr. 5) |
| 020 ## - INTERNATIONAL STANDARD BOOK NUMBER |
| ISBN |
0021441707 (Gr. 6) |
| 040 ## - CATALOGING SOURCE |
| Transcribing agency |
GZE |
| 082 ## - DEWEY DECIMAL CLASSIFICATION NUMBER |
| Classification number |
917 COL 1990 A113 Or. |
| 245 04 - TITLE STATEMENT |
| Title |
The World around us / |
| 250 ## - EDITION STATEMENT |
| Edition statement |
Teacher's annotated ed |
| 260 ## - PUBLICATION, DISTRIBUTION, ETC. (IMPRINT) |
| Place of publication |
New York : |
| Name of publisher |
Macmillan Pub. Co. ; |
| Place of publication |
London : |
| Name of publisher |
Collier Macmillan Publishers, |
| Year of publication |
c1990 |
| 300 ## - PHYSICAL DESCRIPTION |
| Number of Pages |
7 v. : |
| Other physical details |
col. ill., maps ; |
| Dimensions |
31 cm |
| 500 ## - GENERAL NOTE |
| General note |
Transparencies in pocket at front of each volume |
| 650 #0 - SUBJECT ADDED ENTRY--TOPICAL TERM |
| Topical Term |
Social sciences |
| 650 #0 - SUBJECT ADDED ENTRY--TOPICAL TERM |
| Topical Term |
Social sciences |
| 650 #4 - SUBJECT ADDED ENTRY--TOPICAL TERM |
| Topical Term |
Curmats |
| 700 10 - ADDED ENTRY--PERSONAL NAME |
| Personal name |
Beyer, Barry K., |
| 710 20 - ADDED ENTRY--CORPORATE NAME |
| Corporate name or jurisdiction name as entry element |
Macmillan Publishing Company |
| 710 20 - ADDED ENTRY--CORPORATE NAME |
| Corporate name or jurisdiction name as entry element |
Collier Macmillan Publishers |
| 942 ## - ADDED ENTRY ELEMENTS (KOHA) |
| Koha item type |
សៀវភៅភាសាអង់គ្លេស |
| 952 ## - LOCATION AND ITEM INFORMATION (KOHA) |
| Withdrawn status [LOCAL, KOHA] |
0 |